Toute les armes de black ops zombie par image - Statistiques

Statistiques générales
  • Ce quiz a été pris 24 fois
  • Le résultat moyen est 34 sur 80
Statistiques - réponses
Par images Réponse % Correct
AK-47
85%
RC-XD
85%
Ballista
80%
Pistolet-Laser
80%
Couteau
75%
AN-94
70%
DSR 50
70%
Couteau Balistique
65%
MP7
65%
Pistolet-Laser Mark II
65%
Bouclier anti-Zombies
60%
claymore
60%
Executeur
60%
MP5
60%
Olympia
60%
RPD
60%
Singes à Cymbales
60%
SPAS-12
60%
Arbalète
55%
Galil
55%
Grenade IEM
55%
Machette
55%
MSMC
55%
Vector
55%
AK-74u
50%
B23R
50%
Bâton de Glace
50%
Chicom CQB
50%
HAMR
50%
KAP-40
50%
KSG
50%
Lance grenade (MG-32)
50%
LSAT
50%
PDW-57
50%
SCAR-H
50%
FAL
45%
FAL OSW
45%
M14
45%
M8A1
45%
MP40
45%
MTAR
45%
Peacekeeper
45%
Type 25
45%
XPR-50
45%
Blundergat
40%
Dragunov
40%
M1911
40%
RPG-7
40%
SWAT-556
40%
Zombie
40%
Barrett .50cal
35%
Barrett M82A1
35%
Remington 870 MCS (r870)
35%
Remington New Model
35%
Skorpion EVO
35%
SMR
35%
Tomahawk
35%
Uzi
35%
Pistolet éclair
30%
Sliquificateur
30%
Tac-45
30%
Thompson
30%
M27
25%
Mauser C96
25%
Mk 48
25%
S12
25%
Bâton de la Foudre
20%
Jet gun (Thrustodyne Aeronautics Model 23)
20%
M1216
20%
STG-44
20%
QBB LSW
15%
SVU-AS
15%
Tomahawk Infernal
15%
Couteau de Combat
10%
FHJ-18 AA
10%
M60
10%
Makarov
10%
FIM-92 Stinger
5%
MG08/15
5%
G-Strike
0%
Aucun quiz correspondant
Distribution des résultats
% des personnes avec chaque résultat
Percentile par nombre de réponses
Votre historique - résultats
Vous n’avez pas pris ce quiz